| Tag |
First Indicator |
Second Indicator |
Subfields |
| LEADER |
00000cam a2200000 4500 |
| 001 |
in00000013017 |
| 005 |
20151007052315.0 |
| 008 |
731001s1967 enk 00011 eng |
| 010 |
|
|
|a 67090734
|
| 015 |
|
|
|a B67-10638
|
| 035 |
|
|
|a (OCoLC)00956550
|
| 035 |
|
|
|9 AAA7223AM
|
| 040 |
|
|
|a DLC
|c DLC
|d m.c.
|d TXA
|d UtOrBLW
|
| 049 |
|
|
|a TXAM
|c [A11041228]
|
| 050 |
0 |
0 |
|a PZ4.G63
|b Py
|
| 090 |
|
|
|a PR6013.O35
|b P9 1967
|
| 100 |
1 |
|
|a Golding, William,
|d 1911-1993.
|
| 245 |
1 |
4 |
|a The pyramid /
|c by William Golding.
|
| 264 |
|
1 |
|a London :
|b Faber,
|c [1967]
|
| 264 |
|
4 |
|c ©1967
|
| 300 |
|
|
|a 217 pages ;
|c 20 cm.
|
| 336 |
|
|
|a text
|b txt
|2 rdacontent
|
| 337 |
|
|
|a unmediated
|b n
|2 rdamedia
|
| 338 |
|
|
|a volume
|b nc
|2 rdacarrier
|
| 999 |
|
|
|a MARS
|
| 999 |
f |
f |
|s 96b4d915-89cb-3340-9f60-1ff1ce691da8
|i 3aef8495-a7cf-340a-81af-e7c6ef04e683
|t 0
|
| 952 |
f |
f |
|p normal
|a Texas A&M University
|b College Station
|c Sterling C. Evans Library
|d Evans: Library Stacks
|t 0
|e PR6013.O35 P9 1967
|h Library of Congress classification
|i unmediated -- volume
|m A14811041228
|
| 998 |
f |
f |
|a PR6013.O35 P9 1967
|t 0
|l Evans: Library Stacks
|